Personaggi di fantasia - F - - Statistics

Statistiche generali
  • Questo quiz è stato fatto 2.771 volte
  • Il punteggio medio è 7 su 16
Statistiche sulle risposte
con Immagini Risposta % Corretto
Fiona
97%
Flash
95%
Forrest Gump
88%
Frodo Baggins
81%
Fred Flintstone
77%
Furia
65%
Fonzie
47%
Felix
31%
Fata Turchina
30%
Finn
26%
Flounder
25%
Francesca Cacace
25%
Frank Underwood
18%
Frozone
12%
Flik
10%
Ferdinando Mericoni
6%
Nessun quiz corrispondente trovato
Distribuzione punteggi
Percentuale di utenti per punteggio
Percentile per numero di risposta
I tuoi punteggi nel tempo
Non hai fatto questo quiz